| 000 | 00793nam a22002177a 4500 | ||
|---|---|---|---|
| 999 |
_c8551 _d8551 |
||
| 003 | AR-CdUCM | ||
| 008 | 190325b ||||| |||| 00| 0 spa d | ||
| 040 |
_aMUNICIPALIDAD PROVINCIAL DEL CUSCO _cBIBLIOTECA MUNICIPAL DEL CUSCO |
||
| 082 |
_a869.56 / _bSC31R |
||
| 100 |
_aScorza, Manuel _91669 |
||
| 245 |
_aRedoble por Rancas : _bbalada 1 / |
||
| 260 |
_aMéxico : _bExcelsior, _c1973. |
||
| 300 |
_a287 páginas ; _c18 cm. |
||
| 505 | _aRedoble por Rancas: balada I, lo que sucedió diez antes que el coronel Marruecos fundada el segundo cementerio de Chinche. | ||
| 650 |
_aNarrativa peruana - Siglo XX _923952 |
||
| 650 |
_aLiteratura - Perú _96480 |
||
| 650 |
_aAutores peruanos _9731 |
||
| 650 |
_aNovelas peruanas contemporáneas _923953 |
||
| 942 |
_2ddc _cLIBROS |
||
| 945 | _alccs | ||